Directors By Picture - Statistics

General Stats
  • This quiz has been taken 63 times
  • The average score is 6 of 12
Answer Stats
Picture Answer % Correct
Alfred Hitchcock
93%
Wes Anderson
84%
David Lynch
79%
Greta Gerwig
74%
Martin Scorsese
72%
Sofia Coppola
67%
Josh Safdie
51%
David Cronenberg
40%
Yorgos Lanthimos
37%
John Cassavetes
14%
Jason Reitman
4%
Josh Boone
0%
No matching quizzes found
Score Distribution
Percent of People with Each Score
Percentile by Number Answered
Your Score History
You have not taken this quiz